Personnages Kally's Mashup - Statistiques

Statistiques générales
  • Ce quiz a été pris 19 fois
  • Le résultat moyen est 15 sur 24
Statistiques - réponses
Hint Réponse % Correct
ellle fait des supers chansons Kally
100%
bogoss de la série Dante
93%
copine super copine Tina
93%
méchante Gloria
86%
l'autre jumeau Alex
79%
mec de copine super copine Kevin
79%
il fait des inventions toujours ratées Tonton Charli
79%
chef-d'orchestre rebelle Andy
71%
elle fait du théâtre Olivia
71%
elle fait du théâtre Olivia
71%
copine trop gentille de la méchante Stephie
71%
meilleur glow up saison 2 Lucy
64%
papa de Kally Mike
64%
maman de Kally Carmen
57%
sorcière/face de bouledog Lisa
57%
l'autre faisant parti des glorieuses Nicole
57%
caméraman amoureux de l'influenceuse Aymeric
50%
maman de substitution de dante Cécilia
50%
pianoman fantôme Félix
50%
traitre saison 2 marco
50%
concurrent de dante Pablo
50%
gérant du musik shake Jimmy
36%
pire prof Skyler
36%
meilleure prof Abrankhausen
21%
Aucun quiz correspondant
Distribution des résultats
% des personnes avec chaque résultat
Percentile par nombre de réponses
Votre historique - résultats
Vous n’avez pas pris ce quiz